[Event "Liga Madrileña - DH 2012-2013"]
[Site "Madrid ESP"]
[Date "2012.11.18"]
[Round "1.44"]
[White "Suarez Uriel, Adrian"]
[Black "Beltran Redrado, Jose Antonio"]
[Result "0-1"]
[WhiteElo "2241"]
[BlackElo "2009"]
[PlyCount "112"]
[EventDate "2012.11.18"]
[EventRounds "14"]
[EventCountry "ESP"]
[Source "lmi"]
[SourceDate "2012.11.18"]
[WhiteTeam "Casa del Ajedrez"]
[BlackTeam "Cafe Comercial"]
[WhiteTeamCountry "ESP"]
[BlackTeamCountry "ESP"]

1. e4 c6 2. d4 d5 3. e5 Bf5 4. h4 h5 5. Bg5 Qb6 6. Bd3 Bxd3 7. Qxd3 Qxb2 8. Nf3
e6 9. O-O Qxa1 10. Qb3 Nd7 11. Bd2 c5 12. Bc3 c4 13. Qa4 Qxc3 14. Nxc3 a6 15.
Rb1 Rb8 16. Ne2 Be7 17. Ng3 g6 18. Qa5 Bd8 19. Qd2 Ne7 20. Qf4 Nc6 21. c3 b5
22. Ne2 b4 23. cxb4 Nxb4 24. Ng5 Bxg5 25. Qxg5 a5 26. f3 Nxa2 27. Rxb8+ Nxb8
28. Qd2 Nb4 29. Nc3 N8c6 30. Nb5 O-O 31. g4 hxg4 32. fxg4 Rb8 33. Nc3 Nd3 34.
h5 Nxd4 35. Qe3 Nxe5 36. Kg2 Ndc6 37. Qf4 gxh5 38. gxh5 Kh7 39. Kf1 Rb3 40. Qd2
d4 41. Ne4 Re3 42. Qg2 Rxe4 43. Qxe4+ f5 44. Qg2 d3 45. Qd2 Nf3 46. Qc3 Ncd4
47. Qxa5 Kh6 48. Qd8 Kxh5 49. Qh8+ Kg5 50. Qg7+ Kf4 51. Qh6+ Ke4 52. Qc1 d2 53.
Qb1+ Ke3 54. Qa1 Ne2 55. Qa4 Nc3 56. Qa7+ Nd4 0-1

[Event "Liga Madrileña - DH 2012-2013"]
[Site "Madrid ESP"]
[Date "2012.11.18"]
[Round "1.45"]
[White "Galan Fernandez, Felix"]
[Black "Unciti Juan, Javier"]
[Result "1-0"]
[WhiteElo "2004"]
[BlackElo "2196"]
[PlyCount "63"]
[EventDate "2012.11.18"]
[EventRounds "14"]
[EventCountry "ESP"]
[Source "lmi"]
[SourceDate "2012.11.18"]
[WhiteTeam "Cafe Comercial"]
[BlackTeam "Casa del Ajedrez"]
[WhiteTeamCountry "ESP"]
[BlackTeamCountry "ESP"]

1. e4 e6 2. d4 d5 3. Nc3 Bb4 4. e5 b6 5. Qg4 Bf8 6. h4 Qd7 7. Nf3 Ba6 8. Bxa6
Nxa6 9. O-O Nb4 10. Ne1 Ne7 11. Ne2 O-O-O 12. c3 Nbc6 13. b4 f6 14. f4 Nf5 15.
Nd3 Be7 16. g3 Rdf8 17. Bd2 h5 18. Qh3 Qe8 19. Ne1 Rh6 20. Ng2 fxe5 21. fxe5
Rg6 22. Rf4 Bd8 23. Raf1 Nce7 24. Ne3 Qd7 25. Kh2 Nxe3 26. Rxf8 Nxf1+ 27. Qxf1
Rg4 28. Bg5 Kb7 29. Nf4 Rxg5 30. hxg5 Nf5 31. Nxe6 Ne3 32. Nxd8+ 1-0

[Event "Liga Madrileña - DH 2012-2013"]
[Site "Madrid ESP"]
[Date "2012.11.18"]
[Round "1.46"]
[White "Collado Barbas, Laura"]
[Black "Cardena Contreras, Javier"]
[Result "1-0"]
[WhiteElo "2151"]
[BlackElo "1952"]
[PlyCount "59"]
[EventDate "2012.11.18"]
[EventRounds "14"]
[EventCountry "ESP"]
[Source "lmi"]
[SourceDate "2012.11.18"]
[WhiteTeam "Casa del Ajedrez"]
[BlackTeam "Cafe Comercial"]
[WhiteTeamCountry "ESP"]
[BlackTeamCountry "ESP"]

1. d4 d5 2. c4 Nc6 3. Nf3 Bg4 4. Bf4 e6 5. e3 Bd6 6. Bg3 Nf6 7. Qb3 Bb4+ 8. Nc3
O-O 9. a3 Bxc3+ 10. bxc3 b6 11. cxd5 exd5 12. Ne5 Nxe5 13. Bxe5 Be6 14. Ba6 Ne4
15. f3 Nf6 16. O-O Qe7 17. Qc2 c5 18. Bd3 h6 19. Qf2 Nd7 20. Bf4 Qf6 21. Qg3
Kh8 22. Rad1 Rfe8 23. Ba6 Rg8 24. Bb7 Rae8 25. e4 g5 26. Bd6 Qg6 27. Bc6 dxe4
28. fxe4 Nf6 29. Be5 Bc4 30. Rxf6 1-0

[Event "Liga Madrileña - DH 2012-2013"]
[Site "Madrid ESP"]
[Date "2012.11.25"]
[Round "2.11"]
[White "Moreno Trujillo, Alejandro"]
[Black "Ortega Ruiz, Jose Miguel"]
[Result "1-0"]
[WhiteElo "2509"]
[BlackElo "2323"]
[PlyCount "63"]
[EventDate "2012.11.18"]
[EventRounds "14"]
[EventCountry "ESP"]
[Source "lmi"]
[SourceDate "2012.11.18"]
[WhiteTeam "64 Villalba"]
[BlackTeam "Cafe Comercial"]
[WhiteTeamCountry "ESP"]
[BlackTeamCountry "ESP"]

1. d4 Nf6 2. Nf3 d6 3. c4 g6 4. Nc3 Bg7 5. e4 O-O 6. h3 e5 7. d5 Nh5 8. Nh2 Qe8
9. Be2 Nf4 10. Bf3 f5 11. g3 Nxh3 12. Bg2 f4 13. Nf3 g5 14. Bxh3 g4 15. Bg2
gxf3 16. Qxf3 Qg6 17. Bh3 Na6 18. gxf4 exf4 19. Bd2 Nc5 20. O-O-O h6 21. Rdg1
Qh7 22. Kd1 Bxh3 23. Qxh3 Rae8 24. Qxh6 Qxh6 25. Rxh6 Nd3 26. Rhg6 Re7 27. Ke2
Ne5 28. Re6 Rxe6 29. dxe6 c6 30. Bxf4 Rf6 31. c5 Ng6 32. Rxg6 1-0

[Event "Liga Madrileña - DH 2012-2013"]
[Site "Madrid ESP"]
[Date "2012.11.25"]
[Round "2.12"]
[White "Castellanos Vazquez, Jorge"]
[Black "Bolado Saez, Sergio"]
[Result "0-1"]
[WhiteElo "2191"]
[BlackElo "2388"]
[PlyCount "122"]
[EventDate "2012.11.18"]
[EventRounds "14"]
[EventCountry "ESP"]
[Source "lmi"]
[SourceDate "2012.11.18"]
[WhiteTeam "Cafe Comercial"]
[BlackTeam "64 Villalba"]
[WhiteTeamCountry "ESP"]
[BlackTeamCountry "ESP"]

1. e4 c5 2. Nf3 d6 3. Bb5+ Nd7 4. O-O Ngf6 5. Re1 g6 6. c3 a6 7. Bf1 Bg7 8. d4
O-O 9. h3 b6 10. e5 Ne8 11. Bg5 dxe5 12. dxe5 Nc7 13. Nbd2 Ne6 14. Bh4 Re8 15.
Bc4 Ndf8 16. a4 Qc7 17. Ne4 h6 18. Bg3 Rd8 19. Bd5 Rb8 20. c4 b5 21. axb5 axb5
22. b3 Qb6 23. Bh4 g5 24. Bg3 Ng6 25. Qc2 Nef4 26. Bxf4 Nxf4 27. Bxf7+ Kxf7 28.
Nexg5+ hxg5 29. Nxg5+ Kf8 30. e6 Rd3 31. Re4 Nxe6 32. Qxd3 Nxg5 33. Rf4+ Nf7
34. Rd1 e5 35. Rf3 e4 36. Qxe4 Be6 37. Re1 Ke7 38. Qg6 Be5 39. Rxf7+ Bxf7 40.
Rxe5+ Be6 41. f4 Qd6 42. Qg7+ Kd8 43. Qf6+ Kd7 44. f5 Bg8 45. Qg7+ Kc6 46. Qg3
bxc4 47. bxc4 Rb1+ 48. Kh2 Bxc4 49. f6 Qd4 50. Re1 Rxe1 51. Qxe1 Qxf6 52. Qe8+
Kd5 53. Qa8+ Ke5 54. Qa1+ Ke6 55. Qa7 Qe7 56. Qa3 Bd5 57. g4 c4 58. Qe3+ Kd7
59. Qa7+ Ke6 60. Qe3+ Kf7 61. Qf4+ Qf6 0-1

[Event "Liga Madrileña - DH 2012-2013"]
[Site "Madrid ESP"]
[Date "2012.11.25"]
[Round "2.13"]
[White "Renteria Becerra, Jorge Elicer"]
[Black "Hinojar Diez, David"]
[Result "0-1"]
[WhiteElo "2300"]
[BlackElo "2172"]
[PlyCount "92"]
[EventDate "2012.11.18"]
[EventRounds "14"]
[EventCountry "ESP"]
[Source "lmi"]
[SourceDate "2012.11.18"]
[WhiteTeam "64 Villalba"]
[BlackTeam "Cafe Comercial"]
[WhiteTeamCountry "ESP"]
[BlackTeamCountry "ESP"]

1. e4 e5 2. Nf3 Nc6 3. d4 exd4 4. Nxd4 Nxd4 5. Qxd4 d6 6. Bf4 Be7 7. Nc3 Bf6 8.
Qd2 Ne7 9. O-O-O Ng6 10. Be3 O-O 11. Nd5 Re8 12. f3 Be6 13. Nxf6+ Qxf6 14. Kb1
Qe7 15. h4 Rad8 16. h5 Ne5 17. Qc3 f6 18. h6 g6 19. Be2 Qd7 20. b3 c5 21. f4
Ng4 22. f5 Bxf5 23. exf5 Nxe3 24. fxg6 hxg6 25. Rd2 Kh7 26. g4 Re5 27. Rh3 Qe6
28. Qa5 Rd7 29. Bb5 Re7 30. Qd8 d5 31. Rxe3 Rxe3 32. Rxd5 Re1+ 33. Kb2 a6 34.
Bd3 Qxg4 35. Rxc5 f5 36. Rc8 Kxh6 37. Qh8+ Kg5 38. Rc4 Qg3 39. Qd8 Qe5+ 40. Ka3
a5 41. Qb6 Qe6 42. Qf2 Kf6 43. Rd4 Qe3 44. Qh4+ Kg7 45. Rf4 Qc1+ 46. Ka4 Qxf4+
0-1

[Event "Liga Madrileña - DH 2012-2013"]
[Site "Madrid ESP"]
[Date "2012.11.25"]
[Round "2.14"]
[White "Beltran Redrado, Jose Antonio"]
[Black "Rioboo de la Riva, Alvaro"]
[Result "0-1"]
[WhiteElo "2009"]
[BlackElo "2233"]
[PlyCount "52"]
[EventDate "2012.11.18"]
[EventRounds "14"]
[EventCountry "ESP"]
[Source "lmi"]
[SourceDate "2012.11.18"]
[WhiteTeam "Cafe Comercial"]
[BlackTeam "64 Villalba"]
[WhiteTeamCountry "ESP"]
[BlackTeamCountry "ESP"]

1. d4 Nf6 2. c4 g6 3. Nc3 Bg7 4. e4 d6 5. f3 Nc6 6. Be3 O-O 7. Qd2 a6 8. O-O-O
b5 9. Bh6 Na5 10. h4 Nh5 11. Bxg7 Kxg7 12. cxb5 Ng3 13. Rh2 Nxf1 14. Rxf1 h5
15. g4 axb5 16. gxh5 b4 17. Nb1 c5 18. dxc5 dxc5 19. Qg5 Be6 20. Rg2 Bxa2 21.
Qe5+ f6 22. Rxg6+ Kf7 23. Qf4 Qd3 24. Nd2 Bb3 25. Rxf6+ exf6 26. Qc7+ Kg8 0-1

[Event "Liga Madrileña - DH 2012-2013"]
[Site "Madrid ESP"]
[Date "2012.11.25"]
[Round "2.15"]
[White "Bermejo Arruego, Luis"]
[Black "Galan Fernandez, Felix"]
[Result "1/2-1/2"]
[WhiteElo "2216"]
[BlackElo "2004"]
[PlyCount "99"]
[EventDate "2012.11.18"]
[EventRounds "14"]
[EventCountry "ESP"]
[Source "lmi"]
[SourceDate "2012.11.18"]
[WhiteTeam "64 Villalba"]
[BlackTeam "Cafe Comercial"]
[WhiteTeamCountry "ESP"]
[BlackTeamCountry "ESP"]

1. e4 c5 2. Nf3 Nc6 3. Bb5 g6 4. Bxc6 bxc6 5. O-O Bg7 6. c3 d6 7. h3 Nh6 8. d4
cxd4 9. cxd4 O-O 10. Nc3 Rb8 11. Be3 f6 12. Qd2 Nf7 13. d5 c5 14. b3 Bd7 15.
Rac1 Rb4 16. Ne1 f5 17. exf5 Bxf5 18. Nd3 Bxd3 19. Qxd3 Ne5 20. Qe2 Qd7 21.
Rfd1 Qf5 22. f4 Nf7 23. g4 Qd7 24. Qg2 c4 25. Qe4 g5 26. f5 Rfb8 27. bxc4 Ne5
28. Ne2 Qa4 29. Rf1 Bf6 30. Ng3 Rc8 31. Nh5 Rcxc4 32. Rxc4 Rxc4 33. Qg2 Qa3 34.
Bf2 Nf3+ 35. Kh1 Rc1 36. Nxf6+ exf6 37. Bg3 Ne5 38. Bxe5 dxe5 39. Rxc1 Qxc1+
40. Kh2 Qf4+ 41. Kh1 Qd4 42. d6 Qxd6 43. Qa8+ Kg7 44. Qxa7+ Kh6 45. Qf7 e4 46.
Qe6 Qd1+ 47. Kh2 Qe2+ 48. Kh1 Qf3+ 49. Kh2 Qf2+ 50. Kh1 1/2-1/2

[Event "Liga Madrileña - DH 2012-2013"]
[Site "Madrid ESP"]
[Date "2012.11.25"]
[Round "2.16"]
[White "Moreno Torrero, Javier"]
[Black "Blasco de la Cruz, Luis"]
[Result "1/2-1/2"]
[WhiteElo "2026"]
[BlackElo "1999"]
[PlyCount "46"]
[EventDate "2012.11.18"]
[EventRounds "14"]
[EventCountry "ESP"]
[Source "lmi"]
[SourceDate "2012.11.18"]
[WhiteTeam "Cafe Comercial"]
[BlackTeam "64 Villalba"]
[WhiteTeamCountry "ESP"]
[BlackTeamCountry "ESP"]

1. d4 Nf6 2. c4 e5 3. dxe5 Ng4 4. Nf3 Bc5 5. e3 Nc6 6. Nc3 Ngxe5 7. Be2 O-O 8.
O-O Nxf3+ 9. Bxf3 Ne5 10. Be2 Re8 11. Kh1 a5 12. f4 Nc6 13. Nd5 Nb4 14. Rf3 Ra6
15. Nxb4 axb4 16. Rh3 d6 17. g4 Bd7 18. Qd3 Bc6+ 19. Bf3 Bxf3+ 20. Rxf3 Qe7 21.
Kg2 Qe4 22. Qxe4 Rxe4 23. b3 Ra8 1/2-1/2

[Event "Liga Madrileña - DH 2012-2013"]
[Site "Madrid ESP"]
[Date "2012.11.25"]
[Round "2.21"]
[White "Valles Moreno, Ivan"]
[Black "Granda Zuniga, Julio E"]
[Result "0-1"]
[WhiteElo "2382"]
[BlackElo "2651"]
[PlyCount "120"]
[EventDate "2012.11.18"]
[EventRounds "14"]
[EventCountry "ESP"]
[Source "lmi"]
[SourceDate "2012.11.18"]
[WhiteTeam "Amigos del Retiro"]
[BlackTeam "Collado Villalba"]
[WhiteTeamCountry "ESP"]
[BlackTeamCountry "ESP"]

1. e4 c5 2. Nf3 e6 3. d4 cxd4 4. Nxd4 a6 5. Be2 Nf6 6. Nc3 d6 7. O-O Be7 8. f4
O-O 9. Be3 Qc7 10. a4 Nc6 11. Kh1 Bd7 12. Nf3 Rac8 13. Bd3 Nb4 14. Bd4 Bc6 15.
Qe1 d5 16. e5 Ne4 17. Qe3 Qd7 18. Rfc1 Nxd3 19. cxd3 Nxc3 20. bxc3 Bxa4 21. f5
exf5 22. e6 Qe8 23. Re1 f4 24. Qxf4 Bb5 25. Qg3 f6 26. Nh4 Qh5 27. Re3 Be8 28.
Rf1 Bg6 29. Qf4 Rc6 30. Nxg6 hxg6 31. g4 Qg5 32. Qg3 Bd6 33. Qg2 Re8 34. Rfe1
b5 35. R1e2 Bf4 36. h4 Qxh4+ 37. Rh3 Qg5 38. e7 Kf7 39. Qf3 Rxe7 40. Rxe7+ Kxe7
41. Rh8 Re6 42. c4 Bd6 43. cxd5 Re1+ 44. Kg2 Kf7 45. Bf2 Re8 46. Rxe8 Kxe8 47.
d4 f5 48. Qe2+ Qe7 49. Qa2 Qe4+ 50. Kf1 Qd3+ 51. Kg1 b4 52. Qa4+ Qb5 53. Qb3 f4
54. Qf3 Kf7 55. Kg2 Qd7 56. Bh4 Qc8 57. Bg5 Qc2+ 58. Kf1 Qc4+ 59. Kg2 Qxd4 60.
Bd8 Qd2+ 0-1

[Event "Liga Madrileña - DH 2012-2013"]
[Site "Madrid ESP"]
[Date "2012.11.25"]
[Round "2.22"]
[White "Vazquez Igarza, Renier"]
[Black "Vallejo Diaz, Javier"]
[Result "1/2-1/2"]
[WhiteElo "2565"]
[BlackElo "2401"]
[PlyCount "106"]
[EventDate "2012.11.18"]
[EventRounds "14"]
[EventCountry "ESP"]
[Source "lmi"]
[SourceDate "2012.11.18"]
[WhiteTeam "Collado Villalba"]
[BlackTeam "Amigos del Retiro"]
[WhiteTeamCountry "ESP"]
[BlackTeamCountry "ESP"]

1. Nf3 d5 2. d4 Nf6 3. e3 e6 4. Bd3 c5 5. b3 Nc6 6. Bb2 b6 7. Nbd2 Bb7 8. a3
Be7 9. O-O O-O 10. Ne5 Nxe5 11. dxe5 Ne4 12. Nb1 f5 13. f3 Ng5 14. Nd2 Qc7 15.
Qe2 Kh8 16. c4 Rad8 17. Rad1 d4 18. exd4 cxd4 19. Rde1 a5 20. Rf2 Nf7 21. Nf1
Bh4 22. g3 Be7 23. Bc1 Qc6 24. Kg2 g5 25. h3 h5 26. Nh2 g4 27. hxg4 hxg4 28.
Rg1 Ng5 29. Qd2 Rf7 30. Kf1 Nh3 31. Nxg4 Bg5 32. Nh6 Bxd2 33. Nxf7+ Kg8 34.
Nxd8 Qd7 35. Rxd2 Nxg1 36. Kxg1 Qxd8 37. Rf2 Qc7 38. Bf4 Qc5 39. g4 fxg4 40.
fxg4 Qc6 41. Kf1 Qh1+ 42. Ke2 Be4 43. Bd2 Bxd3+ 44. Kxd3 Qh3+ 45. Kxd4 Qxg4+
46. Kd3 Qg3+ 47. Be3 Qxe5 48. a4 Qd6+ 49. Kc2 e5 50. Rd2 Qg6+ 51. Kb2 e4 52.
Rd5 Qf6+ 53. Kc2 Qe6 1/2-1/2

[Event "Liga Madrileña - DH 2012-2013"]
[Site "Madrid ESP"]
[Date "2012.11.25"]
[Round "2.24"]
[White "Reyes Larena, Juan"]
[Black "Sanchez Gonzalez, Sergio"]
[Result "1/2-1/2"]
[WhiteElo "2441"]
[BlackElo "2295"]
[PlyCount "104"]
[EventDate "2012.11.18"]
[EventRounds "14"]
[EventCountry "ESP"]
[Source "lmi"]
[SourceDate "2012.11.18"]
[WhiteTeam "Collado Villalba"]
[BlackTeam "Amigos del Retiro"]
[WhiteTeamCountry "ESP"]
[BlackTeamCountry "ESP"]

1. e4 c5 2. Ne2 d6 3. g3 Nc6 4. Bg2 g6 5. c3 Bg7 6. d4 cxd4 7. cxd4 e5 8. d5
Nce7 9. O-O f5 10. Nbc3 Nf6 11. f4 Qb6+ 12. Kh1 Ng4 13. Qe1 fxe4 14. fxe5 Bxe5
15. Bxe4 Rf8 16. Nf4 Bd4 17. Nd1 Bd7 18. Bg2 Bb5 19. Rf3 Ba4 20. Nd3 Rxf3 21.
Bxf3 Ne5 22. Bg5 Rc8 23. Bf6 Qc7 24. Nxe5 dxe5 25. Qb4 Bxd1 26. Rxd1 Rd8 27.
Qb3 Rd6 28. Bg5 Rb6 29. Qa4+ Qd7 30. Qxa7 Rxb2 31. Qa3 h6 32. Rxd4 Rb1+ 33. Rd1
Rxd1+ 34. Bxd1 hxg5 35. Bf3 Qb5 36. Kg2 Nxd5 37. Qd6 Ne7 38. Qb8+ Kf7 39. Qxb7
Qa5 40. Qb2 Nf5 41. Be4 Qe1 42. Qb7+ Kf6 43. Qb6+ Kg7 44. Bxf5 gxf5 45. Qc7+
Kg6 46. Qc6+ Kg7 47. Qc2 f4 48. Kf3 e4+ 49. Kg4 e3 50. Qc7+ Kf6 51. Qd6+ Kf7
52. Qd7+ Kf8 1/2-1/2

[Event "Liga Madrileña - DH 2012-2013"]
[Site "Madrid ESP"]
[Date "2012.11.25"]
[Round "2.25"]
[White "Perez Gonzalez, Jose Manuel"]
[Black "Pastor Alonso de Prado, Alberto"]
[Result "1/2-1/2"]
[WhiteElo "2314"]
[BlackElo "2143"]
[PlyCount "65"]
[EventDate "2012.11.18"]
[EventRounds "14"]
[EventCountry "ESP"]
[Source "lmi"]
[SourceDate "2012.11.18"]
[WhiteTeam "Amigos del Retiro"]
[BlackTeam "Collado Villalba"]
[WhiteTeamCountry "ESP"]
[BlackTeamCountry "ESP"]

1. e4 e5 2. Nc3 Nf6 3. g3 Bb4 4. Bg2 c6 5. Nge2 d5 6. exd5 cxd5 7. d4 e4 8. O-O
Bg4 9. h3 Bh5 10. Bg5 Bxc3 11. bxc3 Nbd7 12. c4 h6 13. Bxf6 Nxf6 14. g4 Bg6 15.
cxd5 Qxd5 16. f4 exf3 17. Rxf3 Qg5 18. Rb3 Be4 19. Ng3 Bxg2 20. Qe2+ Kf8 21.
Qxg2 h5 22. gxh5 Re8 23. Rf1 Nxh5 24. Nxh5 Qxh5 25. Rxb7 Rh6 26. Rxa7 Kg8 27.
Rfxf7 Qd1+ 28. Kh2 Rxh3+ 29. Kxh3 Qh5+ 30. Kg3 Qg5+ 31. Kh3 Qh5+ 32. Kg3 Qg5+
33. Kh3 1/2-1/2

[Event "Liga Madrileña - DH 2012-2013"]
[Site "Madrid ESP"]
[Date "2012.11.25"]
[Round "2.26"]
[White "Cao Armillas, Jesus"]
[Black "Fernandez Garcia, Miguel Angel"]
[Result "1-0"]
[WhiteElo "2173"]
[BlackElo "2307"]
[PlyCount "95"]
[EventDate "2012.11.18"]
[EventRounds "14"]
[EventCountry "ESP"]
[Source "lmi"]
[SourceDate "2012.11.18"]
[WhiteTeam "Collado Villalba"]
[BlackTeam "Amigos del Retiro"]
[WhiteTeamCountry "ESP"]
[BlackTeamCountry "ESP"]

1. d4 g6 2. c4 Bg7 3. Nc3 c5 4. Nf3 cxd4 5. Nxd4 Nc6 6. e3 Nf6 7. Be2 O-O 8.
O-O d6 9. b3 Nxd4 10. exd4 d5 11. Bf4 Be6 12. c5 Rc8 13. Rc1 Ne4 14. Na4 Bd7
15. f3 Nf6 16. Nc3 Nh5 17. Be3 e6 18. Qd2 Bf6 19. g4 Ng7 20. Kg2 h5 21. h3 a6
22. b4 Qe8 23. Bf4 Bc6 24. Bd6 Be7 25. Be5 f6 26. Bg3 Qd8 27. Bd3 Be8 28. Ne2
Bf7 29. Qc2 f5 30. Be5 Bf6 31. Qd2 Bxe5 32. dxe5 g5 33. Nd4 Bg6 34. a4 Qe7 35.
c6 Kh7 36. b5 axb5 37. axb5 fxg4 38. Bxg6+ Kxg6 39. fxg4 h4 40. Rxf8 Rxf8 41.
c7 Qa3 42. Rc3 Qa1 43. Nf3 Rc8 44. Qxg5+ Kf7 45. Qf6+ Ke8 46. Qg6+ Kf8 47. Ng5
Qb2+ 48. Rc2 1-0

[Event "Liga Madrileña - DH 2012-2013"]
[Site "Madrid ESP"]
[Date "2012.11.25"]
[Round "2.31"]
[White "Adan Bermudez, Sergio"]
[Black "Candela Perez, Jose"]
[Result "0-1"]
[WhiteElo "2285"]
[BlackElo "2393"]
[PlyCount "70"]
[EventDate "2012.11.18"]
[EventRounds "14"]
[EventCountry "ESP"]
[Source "lmi"]
[SourceDate "2012.11.18"]
[WhiteTeam "Pueblo Nuevo"]
[BlackTeam "Casa del Ajedrez"]
[WhiteTeamCountry "ESP"]
[BlackTeamCountry "ESP"]

1. c4 Nf6 2. Nc3 c6 3. e4 d6 4. g3 g6 5. Bg2 Bg7 6. Nge2 O-O 7. O-O e5 8. d3 a6
9. b4 a5 10. b5 Nbd7 11. h3 Nc5 12. Be3 Bd7 13. Rb1 Ne8 14. bxc6 Bxc6 15. d4
exd4 16. Nxd4 Nc7 17. Nxc6 bxc6 18. Na4 N7e6 19. e5 Bxe5 20. Bxc6 Rb8 21. Rxb8
Qxb8 22. f4 Bg7 23. f5 gxf5 24. Rxf5 Nxa4 25. Bxa4 d5 26. Qg4 Qb1+ 27. Bd1 dxc4
28. Bh6 Rd8 29. Rf1 Rd4 30. Qf3 Qg6 31. Be3 Rd8 32. Kh1 Be5 33. Bc2 Qxc2 34.
Qxf7+ Kh8 35. Qxe6 Qe4+ 0-1

[Event "Liga Madrileña - DH 2012-2013"]
[Site "Madrid ESP"]
[Date "2012.11.25"]
[Round "2.32"]
[White "Gallego Jimenez, Victoriano"]
[Black "Fernandez Lledo, Javier"]
[Result "1/2-1/2"]
[WhiteElo "2385"]
[BlackElo "2238"]
[PlyCount "118"]
[EventDate "2012.11.18"]
[EventRounds "14"]
[EventCountry "ESP"]
[Source "lmi"]
[SourceDate "2012.11.18"]
[WhiteTeam "Casa del Ajedrez"]
[BlackTeam "Pueblo Nuevo"]
[WhiteTeamCountry "ESP"]
[BlackTeamCountry "ESP"]

1. d4 Nf6 2. c4 g6 3. Nc3 Bg7 4. e4 d6 5. f3 O-O 6. Bg5 a6 7. Nge2 Nbd7 8. Nc1
c5 9. d5 Rb8 10. a4 Re8 11. Be2 Qb6 12. Nd3 e6 13. a5 Qc7 14. O-O b5 15. axb6
Nxb6 16. Nf2 h6 17. Bd2 Nfd7 18. f4 exd5 19. exd5 f5 20. Bd3 Bd4 21. Qc2 Nf6
22. Ne2 Be3 23. Bxe3 Rxe3 24. Qd2 Re8 25. Nc3 Qg7 26. Rfe1 Bb7 27. Rxe8+ Rxe8
28. Re1 Rxe1+ 29. Qxe1 Kf8 30. Ncd1 Qe7 31. Qc3 Kf7 32. Bc2 Nfd7 33. Ne3 Qf6
34. Qxf6+ Nxf6 35. g3 a5 36. h3 Ba6 37. Bd3 Na4 38. Nfd1 Nb6 39. Nc3 h5 40. b3
Ke7 41. Kf2 Bc8 42. Ng2 Bd7 43. Nh4 Kf7 44. Nf3 a4 45. bxa4 Bxa4 46. Ke3 Bb3
47. Nd2 Ba4 48. Nxa4 Nxa4 49. Be2 Nd7 50. Kd3 Nab6 51. g4 hxg4 52. hxg4 Nf6 53.
gxf5 gxf5 54. Nf3 Ne4 55. Ke3 Kf6 56. Bd3 Nc3 57. Nh4 Nd1+ 58. Kd2 Nb2 59. Kc3
Nxd3 1/2-1/2

[Event "Liga Madrileña - DH 2012-2013"]
[Site "Madrid ESP"]
[Date "2012.11.25"]
[Round "2.33"]
[White "Navarro Nicolas, Victor Manuel"]
[Black "Rojo Huerta, Gabriel"]
[Result "0-1"]
[WhiteElo "2211"]
[BlackElo "2356"]
[PlyCount "75"]
[EventDate "2012.11.18"]
[EventRounds "14"]
[EventCountry "ESP"]
[Source "lmi"]
[SourceDate "2012.11.18"]
[WhiteTeam "Pueblo Nuevo"]
[BlackTeam "Casa del Ajedrez"]
[WhiteTeamCountry "ESP"]
[BlackTeamCountry "ESP"]

1. d4 e6 2. c4 Bb4+ 3. Nc3 Bxc3+ 4. bxc3 f5 5. g4 Nf6 6. gxf5 exf5 7. Nh3 O-O
8. Rg1 c5 9. d5 Qa5 10. Qd3 b5 11. cxb5 a6 12. Bf4 c4 13. Qxc4 Bb7 14. Be5 d6
15. Bxf6 Rxf6 16. Nf4 Nd7 17. Ne6 Rf7 18. Qd4 g6 19. Bh3 Rc8 20. Kd2 Bxd5 21.
Ng5 Rc4 22. Qe3 Re7 23. Qd3 Nf6 24. Bg2 Rc5 25. Qd4 Bxg2 26. Qxf6 Rxc3 27. Qxc3
Rxe2+ 28. Kxe2 Qxc3 29. Rac1 Qe5+ 30. Kd1 Qd4+ 31. Ke1 Bb7 32. Rg3 f4 33. Rg1
axb5 34. h4 f3 35. Rg3 Qxh4 36. Rc7 Qb4+ 37. Kd1 Qb1+ 38. Rc1 0-1

[Event "Liga Madrileña - DH 2012-2013"]
[Site "Madrid ESP"]
[Date "2012.11.25"]
[Round "2.34"]
[White "Elguezabal Varela, Daniel"]
[Black "Barez Menendez, Hector"]
[Result "1-0"]
[WhiteElo "2366"]
[BlackElo "2163"]
[PlyCount "45"]
[EventDate "2012.11.18"]
[EventRounds "14"]
[EventCountry "ESP"]
[Source "lmi"]
[SourceDate "2012.11.18"]
[WhiteTeam "Casa del Ajedrez"]
[BlackTeam "Pueblo Nuevo"]
[WhiteTeamCountry "ESP"]
[BlackTeamCountry "ESP"]

1. d4 d5 2. Nf3 e6 3. Bg5 Be7 4. Bxe7 Qxe7 5. c4 Qb4+ 6. Qd2 Qxd2+ 7. Nbxd2 Nf6
8. e3 O-O 9. Bd3 Nbd7 10. cxd5 Nxd5 11. Rc1 b6 12. Bb5 c5 13. Ne4 cxd4 14. Nxd4
N7f6 15. Nxf6+ Nxf6 16. O-O Bb7 17. Rc7 Bd5 18. a3 Ne8 19. Bxe8 Rfxe8 20. Rfc1
e5 21. Nf5 Be6 22. Ne7+ Kf8 23. Nc6 1-0

[Event "Liga Madrileña - DH 2012-2013"]
[Site "Madrid ESP"]
[Date "2012.11.25"]
[Round "2.35"]
[White "Nieto de la Cruz, Julio"]
[Black "Suarez Uriel, Adrian"]
[Result "1-0"]
[WhiteElo "2111"]
[BlackElo "2241"]
[PlyCount "95"]
[EventDate "2012.11.18"]
[EventRounds "14"]
[EventCountry "ESP"]
[Source "lmi"]
[SourceDate "2012.11.18"]
[WhiteTeam "Pueblo Nuevo"]
[BlackTeam "Casa del Ajedrez"]
[WhiteTeamCountry "ESP"]
[BlackTeamCountry "ESP"]

1. d4 Nf6 2. c4 g6 3. g3 Bg7 4. Bg2 O-O 5. Nc3 d6 6. Nf3 Nc6 7. O-O a6 8. e4
Bg4 9. Be3 Nd7 10. Ne2 f5 11. exf5 Bxf5 12. Nh4 Bg4 13. f3 Bf5 14. Nxf5 Rxf5
15. d5 Nce5 16. Nd4 Rf6 17. Ne6 Qb8 18. Qe2 c5 19. Bg5 Rxe6 20. dxe6 Nf8 21. f4
Nc6 22. Rae1 Qe8 23. b3 Nd4 24. Qg4 Rb8 25. Be4 h6 26. Bh4 b5 27. cxb5 axb5 28.
Qd1 Rd8 29. g4 d5 30. Bb1 Ndxe6 31. f5 g5 32. Bg3 Nf4 33. Bxf4 gxf4 34. Rxf4
Qd7 35. h4 Qd6 36. Rf3 Qf6 37. Rh3 Rd6 38. Qf3 Nh7 39. Qe2 Qd4+ 40. Kh1 c4 41.
Rg1 Qf6 42. Qg2 d4 43. g5 Qe5 44. f6 Nxf6 45. gxf6 Qxf6 46. Qa8+ Qf8 47. Qe4 d3
48. Rhg3 1-0

[Event "Liga Madrileña - DH 2012-2013"]
[Site "Madrid ESP"]
[Date "2012.11.25"]
[Round "2.36"]
[White "Collado Barbas, Laura"]
[Black "Alvarez Abejon, Amilcar"]
[Result "1-0"]
[WhiteElo "2151"]
[BlackElo "2095"]
[PlyCount "61"]
[EventDate "2012.11.18"]
[EventRounds "14"]
[EventCountry "ESP"]
[Source "lmi"]
[SourceDate "2012.11.18"]
[WhiteTeam "Casa del Ajedrez"]
[BlackTeam "Pueblo Nuevo"]
[WhiteTeamCountry "ESP"]
[BlackTeamCountry "ESP"]

1. d4 d5 2. c4 e6 3. Nc3 c5 4. cxd5 exd5 5. Nf3 Nc6 6. e3 Nf6 7. h3 Bd6 8. a3
O-O 9. Be2 Bf5 10. dxc5 Bxc5 11. b4 Bb6 12. Na4 Bc7 13. Bb2 Re8 14. Nc5 Qe7 15.
Rc1 Ne4 16. Nxe4 dxe4 17. Nd4 Rad8 18. Qb3 Nxd4 19. Bxd4 b6 20. Bb5 Rf8 21. Qc3
Rc8 22. Ba6 Qg5 23. Bxc8 Rxc8 24. g4 Be6 25. Qb2 h5 26. Rg1 hxg4 27. hxg4 Bh2
28. Rg2 Qh4 29. Bxg7 Qh3 30. Bh8 Qxh8 31. Qxh8+ 1-0